Filosofía, formación ética y ciudadana ii : ética y participación ciudadana /

Guardado en:
Autor Principal: Schujman, Gustavo
Otros Autores: Herszkowich, Erica
Formato: Libro
Publicado: Buenos Aires : Aique, 1999
Series:Polimodal
Materias:
Etiquetas: Agregar Etiqueta
Sin Etiquetas, Sea el primero en etiquetar este registro!
LEADER 01167nam a22002655a 4500
001 CEM.cems010885
005 20080310133837.0
008 130507s1999##################000#0#####d
003 CEMS
020 |a 9507016171 
082 0 4 |a 320 
100 1 |a Schujman, Gustavo 
245 1 0 |a Filosofía, formación ética y ciudadana ii :  |b ética y participación ciudadana /  |c Gustavo Schujman, Erica Herszkowich 
260 |a Buenos Aires :  |b Aique,  |c 1999 
300 |a 223 p.1 
490 0 |a Polimodal 
500 |a Textos y actividades 
505 0 |a Ciencia y ética -- Etica y medicina -- La eutanasia -- Participación ciudadana -- La ciudadanía -- La participación -- La solidaridad -- Música y solidaridad 
653 |a Formación ética y ciudadana-actividades 
653 |a Formación ética y ciudadana-polimodal 
700 1 |a Herszkowich, Erica 
859 |a CEMS  |b BIB. CEMS - 11 de abril  |h 320  |i Sch79-1  |p 21370.01  |t Ej.1  |v II  |3 II 
859 |a CEMS  |b BIB. CEMS - 11 de abril  |h 320  |i Sch79-1  |p 21371.01  |t Ej.2  |v II  |3 II 
859 |a CEMS  |b BIB. CEMS - 11 de abril  |h 320  |i Sch79-1  |p 21372.01  |t Ej.3  |v II  |3 II 
859 |a CEMS  |b BIB. CEMS - 11 de abril  |h 320  |i Sch79-1  |p 22395.04  |t Ej.4  |v II  |3 II